[Event "GEO World Cup-B U12 Girls"]
[Site "Batumi"]
[Date "2024.06.28"]
[Round "6"]
[White "Chiokadze, Barbare"]
[Black "Bechvaia, Anastasia"]
[Result "1-0"]
[WhiteElo "1461"]
[BlackElo "1504"]
[PlyCount "91"]
[EventDate "2024.06.23"]
[EventType "swiss"]
[EventRounds "7"]
[EventCountry "GEO"]
[SourceTitle "EXT 2025"]
[Source "ChessBase"]
[SourceDate "2024.10.14"]
[SourceVersion "1"]
[SourceVersionDate "2024.10.14"]
[SourceQuality "1"]

1. d4 d6 2. c4 Nf6 3. Nc3 g6 4. e4 Bg7 5. Be2 0-0 6. Bg5 e5 7. dxe5 dxe5 8. Qxd8 Rxd8 9. Nd5 Nbd7 10. Nxc7 Rb8 11. Nd5 h6 12. Nxf6+ Nxf6 13. Bxf6 Bxf6 14. Nf3 Be6 15. 0-0 a5 16. Rad1 Rbc8 17. b3 Rxd1 18. Rxd1 a4 19. bxa4 Bxc4 20. Rc1 Be6 21. Rxc8+ Bxc8 22. Nd2 Kf8 23. Nc4 Ke7 24. Nb6 Be6 25. Bc4 Bxc4 26. Nxc4 Kd7 27. Kf1 Kc6 28. Ke2 Kc5 29. Kd3 g5 30. Kc3 Bd8 31. Kd3 f6 32. a3 b6 33. Ne3 h5 34. Nf5 h4 35. g3 hxg3 36. fxg3 b5 37. axb5 Kxb5 38. h4 gxh4 39. gxh4 Ka4 40. h5 Kxa3 41. h6 Ba5 42. h7 Kb2 43. h8Q Kc1 44. Qc8+ Kd1 45. Qc2+ Ke1 46. Qe2# 1-0

[Event "GEO World Cup-B U12 Girls"]
[Site "Batumi"]
[Date "2024.06.27"]
[Round "5"]
[White "Reren, Alexis Miriam"]
[Black "Bechvaia, Anastasia"]
[Result "0-1"]
[WhiteElo "1506"]
[BlackElo "1504"]
[PlyCount "82"]
[EventDate "2024.06.23"]
[EventType "swiss"]
[EventRounds "7"]
[EventCountry "GEO"]
[SourceTitle "EXT 2025"]
[Source "ChessBase"]
[SourceDate "2024.10.14"]
[SourceVersion "1"]
[SourceVersionDate "2024.10.14"]
[SourceQuality "1"]

1. d4 Nf6 2. c4 d6 3. Nc3 g6 4. e4 Bg7 5. f3 0-0 6. Be3 e5 7. d5 Nbd7 8. Bd3 a5 9. Nge2 b6 10. 0-0 Nc5 11. Bc2 Ne8 12. Qd2 f5 13. a3 f4 14. Bf2 Qg5 15. Kh1 Nb7 16. Ba4 Rb8 17. Qc2 Nd8 18. Nb5 Rb7 19. b4 Nf7 20. bxa5 bxa5 21. Na7 Nf6 22. Bc6 Rb8 23. Nb5 Ba6 24. Nxc7 Rbc8 25. Ne6 Qh5 26. Nxf8 Rxf8 27. Bb6 Bc8 28. Bxa5 Nh6 29. Kg1 Nfg4 30. h3 Ne3 31. Qc1 Bxh3 32. Kf2 Bxg2 33. Rg1 Qh4+ 34. Ng3 Qxg3+ 35. Ke2 Qxf3+ 36. Ke1 Nhg4 37. Qd2 Qxe4 38. Qe2 f3 39. Qa2 Nc2+ 40. Kd2 Nxa1 41. Qxa1 f2 0-1